书目信息 |
| 题名: |
中国家族制度史
|
|
| 作者: | 徐扬杰 著 | |
| 分册: | ||
| 出版信息: | 武汉 武汉大学出版社 2012.02 |
|
| 页数: | 439页 | |
| 开本: | 24cm | |
| 丛书名: | 中国专门史文库 | |
| 单 册: | ||
| 中图分类: | D691.91 | |
| 科图分类: | ||
| 主题词: | 家族--制度--历史--中国 , 家族 , 制度 , 历史 | |
| 电子资源: | ||
| ISBN: | 978-7-307-09314-0 | |
| 000 | 00919oam2 2200301 450 | |
| 001 | 010700126807 | |
| 005 | 20120618152211.87 | |
| 010 | @a978-7-307-09314-0@dCNY70.00 | |
| 100 | @a20120419d2012 em y0chiy50 ea | |
| 101 | 0 | @achi |
| 102 | @aCN@b420000 | |
| 105 | @ay z 000yy | |
| 106 | @ar | |
| 200 | 1 | @a中国家族制度史@9zhong guo jia zu zhi du shi@f徐扬杰著 |
| 210 | @a武汉@c武汉大学出版社@d2012.02 | |
| 215 | @a439页@d24cm | |
| 225 | 2 | @a中国专门史文库 |
| 308 | @a丛书第一辑 | |
| 330 | @a本书主要内容包括:我国最早的父家长制家族——原始社会末期家族组织的雏形;夏商周时期的宗族组织和宗法制度——奴隶制社会的家族制度等。 | |
| 461 | 0 | @12001 @a中国专门史文库 |
| 606 | 0 | @a家族@x制度@x历史@y中国 |
| 606 | 0 | @a家族 |
| 606 | 0 | @a制度 |
| 606 | 0 | @a历史 |
| 690 | @aD691.91@v5 | |
| 701 | 0 | @a徐扬杰@9xu yang jie@f(1933-)@4著 |
| 801 | 0 | @aCN@bRENTIAN@c20120419 |
| 905 | @b538379-83@dD691.91@e178@f5 | |
| 中国家族制度史/徐扬杰著.-武汉:武汉大学出版社,2012.02 |
| 439页;24cm.-(中国专门史文库) |
| ISBN 978-7-307-09314-0:CNY70.00 |
| 本书主要内容包括:我国最早的父家长制家族——原始社会末期家族组织的雏形;夏商周时期的宗族组织和宗法制度——奴隶制社会的家族制度等。 |
| ● |
| 相关链接 |
|
|
|
|
正题名:中国家族制度史
索取号:D691.91/178
 
预约/预借
| 序号 | 登录号 | 条形码 | 馆藏地/架位号 | 状态 | 备注 |
| 1 | 538379 | 205383798 | 第一样本阅览室/ [索取号:D691.91/178] | 在馆 | |
| 2 | 538380 | 205383805 | 第一借阅区/ [索取号:D691.91/178] | 在馆 | |
| 3 | 538381 | 205383814 | 第一借阅区/ [索取号:D691.91/178] | 在馆 | |
| 4 | 538382 | 205383823 | 第一借阅区/ [索取号:D691.91/178] | 在馆 | |
| 5 | 538383 | 205383832 | 第一借阅区/ [索取号:D691.91/178] | 在馆 |